Growing pains transitioning from a entrepreneurship to a professionally managed firm /

Bibliographic Details
Main Author: Flamholtz, Eric.
Corporate Author: ProQuest (Firm)
Other Authors: Randle, Yvonne., Mozilo, Angelo R.
Format: Electronic eBook
Language:English
Published: San Francisco : Jossey-Bass, c2007.
Edition:4th ed.
Subjects:
Online Access:Click to View
LEADER 02773nam a2200409 a 4500
001 EBC792612
003 MiAaPQ
005 20200520144314.0
006 m o d |
007 cr cn|||||||||
008 061214s2007 caua sb 001 0 eng d
010 |z  2006101795 
020 |z 9780787986162 (alk. paper) 
020 |a 9780787996215 (electronic bk.) 
035 |a (MiAaPQ)EBC792612 
035 |a (Au-PeEL)EBL792612 
035 |a (CaPaEBR)ebr10583409 
035 |a (CaONFJC)MIL462724 
035 |a (OCoLC)811501074 
040 |a MiAaPQ  |c MiAaPQ  |d MiAaPQ 
050 4 |a HD62.5  |b .F535 2007 
082 0 4 |a 658.4/063  |2 22 
100 1 |a Flamholtz, Eric. 
245 1 0 |a Growing pains  |h [electronic resource] :  |b transitioning from a entrepreneurship to a professionally managed firm /  |c Eric Flamholtz, Yvonne Randle ; foreword by Angelo R. Mozilo. 
250 |a 4th ed. 
260 |a San Francisco :  |b Jossey-Bass,  |c c2007. 
300 |a xix, 472 p. :  |b ill. 
504 |a Includes bibliographical references and index. 
505 0 |a The authors -- A framework for developing successful organizations -- How to build successful companies: the pyramid of organizational development -- Identifying and surviving the first four stages of organizational growth -- Recognizing growing pains and assessing the need for change -- Management strategies for each stage of organizational growth -- The new venture and expansion stages -- The professionalizing stage: transitioning from entrepreneurship to professional management -- The consolidation stage: managing the corporate culture -- Mastering the tools of professional management -- Strategic planning -- Organizational structure -- Management development -- Organizational control systems -- Effective leadership -- Corporate culture management -- Advanced aspects of organizational transitions in a growing and changing company -- Advanced strategic planning -- Managing to advanced stages of growth: a preview of future challenges -- Making the transition to a public company -- The personal aspects of organizational transitions in a growing and changing company -- The special case of managing family business transitions -- The transition CEOs must make to survive beyond the entrepreneurial stage -- List of tables, figures, and exhibits. 
533 |a Electronic reproduction. Ann Arbor, MI : ProQuest, 2015. Available via World Wide Web. Access may be limited to ProQuest affiliated libraries. 
650 0 |a New business enterprises  |x Management. 
650 0 |a Organizational change. 
655 4 |a Electronic books. 
700 1 |a Randle, Yvonne. 
700 1 |a Mozilo, Angelo R. 
710 2 |a ProQuest (Firm) 
856 4 0 |u https://ebookcentral.proquest.com/lib/matrademy/detail.action?docID=792612  |z Click to View